Occupational Therapy and Physical dysfunction: principles, skills and practice (Record no. 4089)
[ view plain ]
| 000 -LEADER | |
|---|---|
| fixed length control field | 00657nam a22002177a 4500 |
| 003 - CONTROL NUMBER IDENTIFIER | |
| control field | OSt |
| 005 - DATE AND TIME OF LATEST TRANSACTION | |
| control field | 20160518135449.0 |
| 008 - FIXED-LENGTH DATA ELEMENTS--GENERAL INFORMATION | |
| fixed length control field | 160518b xxu||||| |||| 00| 0 eng d |
| 020 ## - INTERNATIONAL STANDARD BOOK NUMBER | |
| International Standard Book Number | 0443062242 |
| 040 ## - CATALOGING SOURCE | |
| Transcribing agency | DNLM |
| 082 ## - DEWEY DECIMAL CLASSIFICATION NUMBER | |
| Classification number | WB555 O8a 2002 |
| 100 ## - MAIN ENTRY--PERSONAL NAME | |
| Personal name | Edited by Turner, Annie; Foster, Marg |
| 9 (RLIN) | 8858 |
| 245 ## - TITLE STATEMENT | |
| Title | Occupational Therapy and Physical dysfunction: principles, skills and practice |
| 250 ## - EDITION STATEMENT | |
| Edition statement | 5th ed. |
| 260 ## - PUBLICATION, DISTRIBUTION, ETC. (IMPRINT) | |
| Place of publication, distribution, etc. | Edinburgh; churchill, 2002 |
| 300 ## - PHYSICAL DESCRIPTION | |
| Extent | xxii,666p; col.ill: 25cm |
| 504 ## - BIBLIOGRAPHY, ETC. NOTE | |
| Bibliography, etc | References, glossary, & index included |
| 650 ## - SUBJECT ADDED ENTRY--TOPICAL TERM | |
| Topical term or geographic name as entry element | Occupational Therapy |
| 9 (RLIN) | 2299 |
| 650 ## - SUBJECT ADDED ENTRY--TOPICAL TERM | |
| Topical term or geographic name as entry element | Physical Therapy |
| 9 (RLIN) | 2407 |
| 942 ## - ADDED ENTRY ELEMENTS (KOHA) | |
| Source of classification or shelving scheme | Other/Generic Classification Scheme |
| Koha item type | Open Shelf |
| Withdrawn status | Lost status | Source of classification or shelving scheme | Damaged status | Not for loan | Home library | Current library | Date acquired | Source of acquisition | Inventory number | Total Checkouts | Full call number | Barcode | Date last seen | Koha item type | Price effective from |
|---|---|---|---|---|---|---|---|---|---|---|---|---|---|---|---|
| Other/Generic Classification Scheme | MUST Main Library | MUST Main Library | 18/05/2016 | 11/33061 | WB555 O8a 2002 | 2016-1996 | 18/05/2016 | Open Shelf | |||||||
| Other/Generic Classification Scheme | MUST Main Library | MUST Main Library | 15/07/2016 | 11/33061 | WB555 O8a 2002 | 2016-3236 | 15/07/2016 | Open Shelf | 15/07/2016 |
